00519nam a2200157 a 450000500170000000800410001702000170005805000240007510000160009924500270011526000420014230000070018465000390019199900190023095201120024920140414132053.0121029s19uu xx 00 eng d a978184353275 aM 883.01bM236 2009 aMalam, John aDragons:bmythologies. aBroadway, New York :bQED Pub,c2009. a32 aDragons-xancient legends-xmyths. c114244d114244 001040aMUbMUcMd2012-10-29eDonationl0oM 883.01 M236 2009pM6011r2014-04-14 00:00:00w2014-04-14yBK